000 00302nam a22001337a 4500
008 170715b xxu||||| |||| 00| 0 eng d
020 _a2900767404661
041 _aeng
080 _a572
100 _a24
101 _aANT
245 _aAPPLYING CULTURAL ANTHROPOLOGY
_cPODOLEFSKY,A
942 _2udc
_cBK
999 _c21124
_d21124